Marketing & komunikace

Bibliographic Details
Previous Title:Marketing
Format: Journal
Language:Czech
PhysicalDescription:zv. 30 cm
Published: Praha Česká marketingová společnost 1995-
ISSN:1211-5622
Subjects:

MARC

LEADER 00000cas a2200000 a 4500
001 vtls008689692
003 SK-MaSNL
005 20260228155919.0
008 060410c19959999xr qr p 0 b0cze c
022 |a 1211-5622 
035 |a (SVKBB03)vtls000031197 
040 |a SNK  |b slo  |c SNK  |d STUSCHK1  |d SVKBB  |e AACR2 
041 0 |a cze 
044 |a xr  |c CZ 
080 |a 050  |2 2001 
080 |a 658.8  |2 2001 
080 |a 658.8:316.77  |2 2001 
210 0 |a Marketing komun. 
222 0 |a Marketing a komunikace 
245 0 0 |a Marketing & komunikace 
260 |a Praha  |b Česká marketingová společnost  |c 1995- 
300 |a zv.  |c 30 cm 
310 |a 4x ročne 
362 0 |a Roč. 6, č. 1 (1995)- 
500 |a V roku 2019 je na obálke uvedený roč. XXVIV a v tiráži XXIV 
650 0 7 |a marketing  |2 SNKPH  |9 2299 
650 0 7 |a marketingová komunikácia  |2 SNKPH  |9 2300 
655 7 |a odborné časopisy  |2 SNKPH  |9 70505 
780 0 0 |t Marketing 
850 |a Slovenská chemická knižnica v Bratislave 
852 |a Štátna vedecká knižnica v Banskej Bystrici 
910 |a snk 
910 |a SCHK95 
999 |c 877  |d 877 
952 |0 0  |1 1  |4 0  |7 0  |8 4  |a SNK  |b SNK  |d 2009-03-10  |i snk2009/4852  |l 0  |o snkČB 5761/18/2007  |p 17A0609331  |r 2026-02-21 19:30:41  |t č. 1-4  |w 2026-02-21  |y PREZ 
952 |0 0  |1 1  |4 0  |7 0  |8 4  |a SNK  |b SNK  |d 2014-01-09  |i snk2014/526  |l 0  |o snkČB 5761/2011  |p 17A0869603  |r 2026-02-21 19:43:46  |t č. 1-4, neúplné  |w 2026-02-21  |y PREZ  |z Chýba č. 2-4. 
952 |0 0  |1 0  |4 0  |7 0  |8 3  |a SNK  |b SNK  |d 2024-08-21  |i snk2024/13322  |l 0  |o snkČB 5761/2020  |p 17A1523883  |r 2026-02-21 19:48:57  |t č. 1-4  |w 2026-02-21  |y PREZ 
952 |0 0  |1 0  |4 0  |7 0  |8 3  |a SNK  |b SNK  |d 2024-08-21  |i snk2024/13328  |l 0  |o snkČB 5761/2021  |p 17A1523884  |r 2026-02-21 19:48:57  |t č. 1-4  |w 2026-02-21  |y PREZ 
952 |0 0  |1 0  |4 0  |7 0  |8 4  |a SNK  |b SNK  |d 2021-09-28  |i snk2021/14023  |l 0  |o snkČB 5761/29/2019  |p 17A1460765  |r 2026-02-21 19:53:25  |t č. 1-4  |w 2026-02-21  |y PREZ 
952 |0 0  |1 0  |4 0  |7 0  |8 4  |a SNK  |b SNK  |d 2010-08-24  |i snk2010/18074  |l 0  |o snkČB 5761/2008  |p 17A0661362  |r 2026-02-21 19:54:14  |t č. 1-4  |w 2026-02-21  |y PREZ 
952 |0 0  |1 1  |3 č. 1-4, úpl.  |4 0  |7 0  |a SNK  |b SNK  |d 2010-10-21  |i snkČIP 154/2004  |l 0  |o snkČB 5761/9/1998  |p 17A0671265  |r 2026-02-21 20:14:57  |t č. 1-4  |w 2026-02-21  |y PREZ 
952 |0 0  |1 1  |4 0  |7 0  |8 4  |a SNK  |b SNK  |d 2008-04-02  |i snk2008/7509  |l 0  |o snkČB 5761/17/2006  |p 17A0574836  |r 2026-02-21 20:29:11  |t č. 1-4  |w 2026-02-21  |y PREZ 
952 |0 0  |1 1  |4 0  |7 0  |8 4  |a SNK  |b SNK  |d 2011-11-15  |i snk2011/22780  |l 0  |o snkČB 5761/2009  |p 17A0672997  |r 2026-02-21 20:40:06  |t č. 1-4  |w 2026-02-21  |y PREZ 
952 |0 0  |1 0  |4 0  |7 0  |8 4  |a SNK  |b SNK  |d 2014-12-15  |i snk2014/27938  |l 0  |o snkČB 5761/20/2010  |p 17A0870820  |r 2026-02-21 20:42:35  |t č. 1-4  |w 2026-02-21  |y PREZ 
952 |0 0  |1 1  |4 0  |7 0  |8 4  |a SNK  |b SNK  |d 2008-03-12  |i snk2008/6306  |l 0  |o snkČB 5761/15/2004  |p 17A0574667  |r 2026-02-21 20:49:25  |t č. 1-4  |w 2026-02-21  |y PREZ 
952 |0 0  |1 1  |4 0  |7 0  |8 4  |a SNK  |b SNK  |d 2008-03-12  |i snk2008/6304  |l 0  |o snkČB 5761/13/2002  |p 17A0574665  |r 2026-02-21 20:49:25  |t č. 1-4, neúplné  |w 2026-02-21  |y PREZ  |z Chýba č. 4 
952 |0 0  |1 1  |4 0  |7 0  |8 4  |a SNK  |b SNK  |d 2008-03-12  |i snk2008/6305  |l 0  |o snkČB 5761/14/2003  |p 17A0574666  |r 2026-02-21 20:49:25  |t č. 1-4  |w 2026-02-21  |y PREZ 
952 |0 0  |1 1  |4 0  |7 0  |8 4  |a SNK  |b SNK  |d 2008-04-02  |i snk2008/7508  |l 0  |o snkČB 5761/16/2005  |p 17A0574835  |r 2026-02-21 21:01:07  |t č. 1-4  |w 2026-02-21  |y PREZ 
952 |0 0  |1 0  |4 0  |7 0  |8 3  |a SNK  |b SNK  |d 2025-07-10  |i snk2025/10963  |l 0  |o snkČB 5761/2022  |p 17A1557162  |r 2026-02-21 21:11:22  |t č. 1-4  |w 2026-02-21  |y PREZ 
952 |0 0  |1 0  |4 0  |7 0  |8 3  |a SNK  |b SNK  |d 2025-07-10  |i snk2025/10966  |l 0  |o snkČB 5761/2023  |p 17A1557163  |r 2026-02-21 21:11:22  |t č. 1-4  |w 2026-02-21  |y PREZ 
952 |0 0  |1 1  |4 0  |7 0  |8 4  |a SNK  |b SNK  |d 2013-01-09  |i snkČIP 151/2004  |l 0  |o snkČB 5761/12/2001  |p 17A1021515  |r 2026-02-21 21:23:38  |t č. 1-4  |w 2026-02-21  |y PREZ 
952 |0 0  |1 0  |4 0  |7 0  |8 4  |a SNK  |b SNK  |d 2015-04-01  |i snk2015/11283  |l 0  |o snkČB 5761/2012  |p 17A1143171  |r 2026-02-21 21:25:37  |t č. 1-4  |w 2026-02-21  |y PREZ 
952 |0 0  |1 1  |4 0  |7 0  |8 4  |a SNK  |b SNK  |d 2009-02-19  |i snkČIP 152/2004  |l 0  |o snkČB 5761/11/2000  |p 17A0611479  |r 2026-02-21 21:40:47  |t č. 1-4  |w 2026-02-21  |y PREZ 
952 |0 0  |1 0  |4 0  |7 0  |8 4  |a SNK  |b SNK  |d 2018-01-12  |i snk2018/893  |l 0  |o snkČB 5761/2015  |p 17A1267031  |r 2026-02-21 22:03:04  |t č. 1-4  |w 2026-02-21  |y PREZ 
952 |0 0  |1 0  |4 0  |7 1  |8 4  |a SNK  |b SNK  |d 2016-09-21  |i snk2016/21973  |l 0  |o snkČB 5761/2014  |p 17A1202037  |r 2026-02-21 22:03:41  |t č. 1-4  |w 2026-02-21  |y NEVYP 
952 |0 0  |1 0  |4 0  |7 0  |8 4  |a SNK  |b SNK  |d 2019-11-12  |i snk2019/29065  |l 0  |o snkČB 5761/27/2017  |p 17A1383313  |r 2026-02-21 22:07:58  |t č. 1-4 +2 príl.  |w 2026-02-21  |y PREZ  |z Príl.: Příběhy úspěšných, č.1,2 
952 |0 0  |1 0  |4 0  |7 0  |8 4  |a SNK  |b SNK  |d 2020-08-05  |i snk2020/13794  |l 0  |o snkČB 5761/28/2018  |p 17A1430998  |r 2026-02-21 22:08:45  |t č. 1-4  |w 2026-02-21  |y PREZ 
952 |0 0  |1 0  |4 0  |7 0  |8 4  |a SNK  |b SNK  |d 2018-12-06  |i snk2018/26232  |l 0  |o snkČB 5761/26/2016  |p 17A1340991  |r 2026-02-21 22:13:39  |t č. 1-4  |w 2026-02-21  |y PREZ